00952 2200229 4500001002100000005001700021008004100038035002500079040001200104082001400116084001900130100001900149245026900168260005900437300003200496500008700528504002500615650003900640700001300679850001200692990001800704INLIS00000000000855820150804082701.0  a0010-071500000001241 aYOPDYOG 223a510.7 aSK 510.7 And H aANDINI Sakimin aHubungan antara kemampuan awal, kemampuan numerik dan perhatian orang tua dengan prestasi belajar matematika pokok bahasan sistem persamaan linear dua peubah siswa kelas II semseter II SLTP Muhamadiyah se-kota Yogyakarta tahun pelajaran 2003/2004c/ Andini Sukimin aYogyakartabUniversitas Sarjanawiyata Tamansiswac2006 axii, 56 lembar.c; 29,5 cm. aSkripsi Fakultas Keguruan dan Ilmu Pendidikan Universitas Sarjanawiyata Tamansiswa aBibliografi: hlm. 56 aMatematika -- Studi dan Pengajaran aPARDIMIN aYOPDYOG a46970-PD/A.15